| 000 | 00477nam a2200169 a 4500 | ||
|---|---|---|---|
| 005 | 20140412111234.0 | ||
| 008 | 010426s19uu xx 00 eng d | ||
| 020 | _a0-394-80041-9 | ||
| 050 |
_aTR(PS E _bBe38 1966 |
||
| 100 | _aBerenstain, Stan | ||
| 245 |
_aBears' picnic (The) / _cby Stan and Jan Berenstain. |
||
| 260 |
_aNew York : _bBeginner Books, _c1966. |
||
| 300 | _a55 p. col. ill. 24cm | ||
| 440 | _aBeginner Books | ||
| 650 | _aPicnic--Fiction | ||
| 999 |
_c102318 _d102318 |
||